Statistics for Geography Analogies #2

Click here to take the quiz!

General Stats

  • This quiz has been taken 60,592 times
  • The average score is 13 of 20

Answer Stats

This is to this …As …% Correct
Spanish is to Mexico{Portuguese} is to Brazil
95%
Jerusalem is to Judaism{Mecca} is to Islam
92%
Capricorn is to South{Cancer} is to North
83%
The Shard is to LondonBurj Khalifa is to {Dubai}
81%
Papua New Guinea
is to Indonesia
Dominican Republic
is to {Haiti}
81%
Élysée Palace is to
France
{White} {House} is to
the United States
81%
Yangtze is to China{Ganges} is to India
71%
Magyar is to HungaryKhmer is to {Cambodia}
69%
Superior is to North America{Victoria} is to Africa
69%
Range is to Mountains{Archipelago} is to Islands
68%
Giant Panda is to ChinaKomodo Dragon is to
{Indonesia}
66%
Minneapolis is to St. Paul{Dallas} is to Fort Worth
60%
Lighthouse is to AlexandriaColossus is to {Rhodes}
58%
Milan is to LombardyFlorence is to {Tuscany}
57%
Hindi is to India{Urdu} is to Pakistan
56%
Three Gorges is to ChinaAswan is to {Egypt}
48%
Wembley is to LondonCamp Nou is to {Barcelona}
48%
Windy City is to ChicagoBeantown is to {Boston}
46%
Louisiana is to Louis XIV{Virginia} is to
Queen Elizabeth
45%
Copenhagen is to Malmo{Detroit} is to Windsor, Ontario
36%

Score Distribution

Percentile by Number Answered

Percent of People with Each Score

Your Score History

You have not taken this quiz